[Event "Hamburg Robinow op"]
[Site "Hamburg"]
[Date "2005.10.06"]
[Round "6"]
[White "Schimmelpfennig, Robin"]
[Black "Haak, Werner"]
[Result "1/2-1/2"]
[WhiteElo "1238"]
[BlackElo "1845"]
[PlyCount "99"]
[EventDate "2005.10.01"]
[EventType "swiss"]
[EventRounds "9"]
[EventCountry "GER"]
[SourceTitle "CBM 108 Extra"]
[Source "ChessBase"]
[SourceDate "2005.11.04"]
[SourceVersion "1"]
[SourceVersionDate "2005.11.04"]
[SourceQuality "1"]

1. e4 c5 2. Nf3 Nc6 3. d4 cxd4 4. Nxd4 a6 5. Nc3 e6 6. Be3 Nf6 7. f3 d6 8. Qd2 Qc7 9. 0-0-0 g6 10. g4 Bg7 11. h4 h5 12. gxh5 Nxh5 13. Nxc6 Qxc6 14. Qxd6 Qxd6 15. Rxd6 Ng3 16. Rg1 Nxf1 17. Rxf1 Bf8 18. Rd2 Rxh4 19. Bg5 Be7 20. Bxh4 Bxh4 21. Kb1 Bd7 22. e5 Bc6 23. Ne4 Rd8 24. Rxd8+ Bxd8 25. Nd6+ Kf8 26. f4 Bh4 27. b3 Ke7 28. Kb2 Bg3 29. c4 g5 30. Nc8+ Kd8 31. Nb6 gxf4 32. c5 f3 33. Nc4 Ke7 34. Kc2 f6 35. exf6+ Kxf6 36. Nd2 f2 37. Kd3 Kf5 38. Ke3 Bg2 39. Rxf2+ Bxf2+ 40. Kxf2 Bd5 41. Ke3 Ke5 42. a3 Bc6 43. b4 Kd5 44. Kd3 e5 45. Kc3 e4 46. Nf1 Bb5 47. Ne3+ Ke5 48. Nd1 Bd3 49. Ne3 Be2 50. Nc2 1/2-1/2

[Event "Hamburg Robinow op"]
[Site "Hamburg"]
[Date "2005.10.05"]
[Round "5"]
[White "Lotter, Wolfgang"]
[Black "Schimmelpfennig, Robin"]
[Result "0-1"]
[WhiteElo "1529"]
[BlackElo "1238"]
[PlyCount "60"]
[EventDate "2005.10.01"]
[EventType "swiss"]
[EventRounds "9"]
[EventCountry "GER"]
[SourceTitle "CBM 108 Extra"]
[Source "ChessBase"]
[SourceDate "2005.11.04"]
[SourceVersion "1"]
[SourceVersionDate "2005.11.04"]
[SourceQuality "1"]

1. c4 Nf6 2. d4 g6 3. Nc3 Bg7 4. g3 0-0 5. Bg2 d6 6. Nf3 Nbd7 7. 0-0 e5 8. dxe5 Nxe5 9. Nxe5 dxe5 10. Qb3 c6 11. Bg5 h6 12. Rad1 Qc7 13. Bc1 Nh5 14. e4 f5 15. exf5 Bxf5 16. f3 Nf6 17. c5+ Kh7 18. Ne4 Nxe4 19. fxe4 Bg4 20. Rd6 b6 21. Be3 Rab8 22. Qa4 Rxf1+ 23. Bxf1 bxc5 24. Rxc6 Qf7 25. Qc4 Qf3 26. Bxc5 Rxb2 27. Qc1 Rxa2 28. Qe3 Rc2 29. Rc7 Qxe3+ 30. Bxe3 Rxc7 0-1